Business disclosure: Government's need to know (Record no. 35474)

MARC details
000 -LEADER
fixed length control field 00300nam a2200109Ia 4500
082 ## - DEWEY DECIMAL CLASSIFICATION NUMBER
Classification number 035.077
Item number GOL
245 #0 - TITLE STATEMENT
Title Business disclosure: Government's need to know
260 ## - PUBLICATION, DISTRIBUTION, ETC. (IMPRINT)
Place of publication New York
Name of publisher McGraw Hill
Year of publication 1979
700 ## - ADDED ENTRY--PERSONAL NAME
Personal name GOLDSCHMID, Harvey J
942 ## - ADDED ENTRY ELEMENTS (KOHA)
Koha item type Books
Holdings
Withdrawn status Lost status Damaged status Not for loan Home library Current library Date acquired Full call number Accession Number Koha item type
        RRII Library RRII Library 16/12/2021 035.077 GOL 15898 Books